00496 2200193 4500001002100000005001500021035002000036007000300056008004100059020002200100082001000122084001700132100000900149245004600158250000600204260004400210300003800254650001000292INLIS00000000000203520260223091616 a0010-0226000045ta260223 d 1 ind  a978-979-20-6967-4 a741.5 a741.5 RYA i0 aRyan1 aIngenuo vol. 12 :bTinggal Sesaat /cRyan a- aJakarta :bElex Media Komputindo,c2005 a196 hlm. :bilus. ;c11.5 x 17 cm akomik